|
|
|
|
| LEADER |
00000nam a2200000 a 4500 |
| 001 |
vtls011705912 |
| 003 |
SK-MaSNL |
| 005 |
20260426000321.0 |
| 008 |
200330t1591 gw 000 0 lat |
| 015 |
|
|
|a SNBHFA1591
|
| 035 |
|
|
|a E803A7C4-5D1A-43E7-858C-49501481EA1E
|
| 035 |
|
|
|a urn:nbn:sk:snk-am3h4k6
|
| 035 |
|
|
|a urn:nbn:sk:snk-am00cn8z
|
| 040 |
|
|
|a SNKHF
|b slo
|c SNK
|e AACR2
|
| 041 |
0 |
|
|a lat
|
| 044 |
|
|
|a gw
|c DE
|
| 100 |
1 |
|
|a Goclenius, Rudolph,
|d 1547-1628
|4 aut
|9 434037
|
| 245 |
1 |
0 |
|a Problematum Logicorvm Rodolphi Goclenii Professoris Academici in Schola Marpurg. Pars tertia
|
| 260 |
|
|
|a Marpurgi
|b excudebat Paulus Egenolphus
|c MDXCI. [=1591]
|
| 300 |
|
|
|a 176 [=168], [7] s.
|c 8 °
|
| 501 |
|
|
|a Príväzok 2. k: LIPSIUS, Justus. Epistolarvm Selectarvm. Centuria prima. Francofvrdi: Apud Ioannem Wechelum, 1590, 8°.
|5 SNK ID 99905
|
| 508 |
|
|
|a Ded.: Goclenius, Rudolph; Berlepsch, Hartmann à; Sixtinus, Wilhelm; pref.: Goclenius, Rudolph
|
| 510 |
4 |
|
|a VD 16 G/2363
|
| 650 |
0 |
7 |
|a filozofia
|2 SNKPH
|9 793
|
| 655 |
|
7 |
|a staré tlače
|2 SNKPH
|9 69193
|
| 700 |
1 |
|
|a Goclenius, Rudolph
|4 dto
|4 aui
|9 555462
|
| 700 |
1 |
|
|a Berlepsch, Hartmann
|4 hnr
|9 555463
|
| 700 |
1 |
|
|a Sixtinus, Wilhelm
|4 hnr
|9 555464
|
| 700 |
1 |
|
|a Egenolff, Paul,
|d 1553-1625
|4 prt
|9 127454
|
| 710 |
0 |
|
|a Egenolff, Paul (Marburg, Nemecko),
|d 1586-1625
|4 prt
|9 305329
|
| 752 |
|
|
|a Nemecko
|d Marburg
|
| 852 |
|
|
|a SNK
|b Zaiova knižnica: Zay M 5813, prív. 2
|p ID 99905/prív.2
|
| 958 |
|
|
|a ONDV
|
| 999 |
|
|
|c 852349
|d 854279
|
| 952 |
|
|
|t Zay M 5813
|a SNK
|b SNK
|c SNK_HF
|y PREZ
|7 0
|p 17A1129742
|o snkID 99905/prív.2
|i snk2017/17965
|8 5
|0 0
|1 0
|4 0
|d 2017-08-07
|f 1
|l 0
|r 2026-02-24 04:45:53
|w 2026-02-24
|